Detalles MARC
| 000 -LÍDER |
| Campo fijo de descripción fija |
02674cam a2200385 i 4500 |
| 001 - NÚMERO DE CONTROL |
| Campo de control |
768714001 |
| 003 - IDENTIFICADOR DEL NÚMERO DE CONTROL |
| Campo de control |
CO-MdFUSB |
| 005 - FECHA Y HORA DE LA ULTIMA TRANSACCIÓN |
| control field |
20210205152133.0 |
| 007 - CAMPO FIJO DE DESCRIPCIÓN FIJA--INFORMACIÓN GENERAL |
| Campo fijo de descripción fija |
ta |
| 008 - ELEMENTOS DE LONGITUD FIJA -- INFORMACIÓN GENERAL |
| Campo fijo de descripción fija -- Información general |
110630t20112011miu b 001 0 eng |
| 010 ## - NÚMERO DE CONTROL DE LA BIBLIOTECA DEL CONGRESO |
| Número de control LC |
2011027289 |
| 020 ## - NÚMERO INTERNACIONAL NORMALIZADO PARA LIBROS |
| Número Internacional Normalizado del libro |
9780801039348 (pbk.) |
| 020 ## - NÚMERO INTERNACIONAL NORMALIZADO PARA LIBROS |
| Número Internacional Normalizado del libro |
0801039347 (pbk.) |
| 040 ## - FUENTE DE CATALOGACIÓN |
| Agencia de catalogación original |
DLC |
| Agencia que realiza la transcripción |
CO-MdFUSB |
| Agencia que realiza la modificación |
YDX |
| -- |
CO-MdFUSB |
| -- |
BTCTA |
| -- |
YDXCP |
| -- |
DTM |
| -- |
BWX |
| -- |
UtOrBLW |
| -- |
SKYRV |
| -- |
UtOrBLW |
| Idioma de catalogación |
spa |
| Convenciones de la descripción |
rda |
| 041 ## - CÓDIGO DE IDIOMA |
| Código de idioma para texto/pista de sonido o título separado |
eng |
| 082 ## - NÚMERO DE CLASIFICACIÓN DECIMAL DEWEY |
| Número de la edición del Dewey |
23 |
| Número de clasificación |
230.42 |
| Clave de autor-Numero de item |
B598 |
| 100 1# - ASIENTO PRINCIPAL--NOMBRE PERSONAL |
| Nombre personal |
Billings, J. Todd. |
| Término relacionador |
autor |
| 245 10 - TÍTULO |
| Título del Material |
Union with Christ : |
| Parte restante del título - Subtitulo |
reframing theology and ministry for the church |
| Mención de responsabilidad, etc. |
/ J. Todd Billings. |
| 264 #1 - PRODUCCIÓN, PUBLICACIÓN, DISTRIBUCIÓN, MANUFACTURA, Y COPYRIGHT |
| Lugar de producción, publicación, distribución, manufactura |
Grand Rapids, Mich. : |
| Nombre del productor, publicador, distribuidor |
Baker Academic, |
| Fecha de producción, publicación, distribución, manufactura, o copyright |
[2011] |
| 264 #4 - PRODUCCIÓN, PUBLICACIÓN, DISTRIBUCIÓN, MANUFACTURA, Y COPYRIGHT |
| Fecha de producción, publicación, distribución, manufactura, o copyright |
© 2011 |
| 300 ## - DESCRIPCIÓN FÍSICA |
| Extensión |
180 páginas ; |
| Dimensiones |
22 cm. |
| 336 ## - TIPO DE CONTENIDO |
| Término de tipo de contenido |
texto |
| Código de tipo de contenido |
txt |
| Fuente |
rdacontent. |
| 337 ## - TIPO DE MEDIO |
| Nombre del tipo de medio |
sin mediación |
| Código del tipo de medio |
n |
| Fuente |
rdamedia. |
| 338 ## - TIPO DE SOPORTE |
| Nombre del tipo de soporte |
volumen |
| Código Tipo de soporte |
nc |
| Fuente |
rdacarrier. |
| 504 ## - NOTA DE BIBLIOGRAFÍA, ETC. |
| Nota de bibliografía, etc |
Incluye referencias bibliográficas e indice. |
| 505 0# - NOTA DE CONTENIDO |
| Nota de contenido con formato preestablecido |
La salvación como adopción en Cristo: un antídoto para la deidad distante pero conveniente de hoy - Depravación total en el pecado, comunión total en Cristo: cómo la esclavitud de la voluntad refleja una teología de la salvación como comunión - Encontrando un misterio en unión con Cristo: en Comunión con el Dios incomprensible - El Evangelio y la justicia: unión con Cristo, la ley del amor y la Cena del Señor - Ministerio en unión con Cristo: una crítica constructiva del ministerio encarnacional. |
| 520 ## - NOTA DE RESUMEN, ETC. |
| Nota de sumario, etc. |
El consumado teólogo J. Todd Billings recupera el tema bíblico de la unión con Cristo para la iglesia de hoy, haciendo una nueva contribución a la discusión teológica con importantes aplicaciones para la teología y el ministerio. Basándose en las Escrituras y en el pensamiento de figuras como Agustín, Calvino, Bavinck y Barth, Billings muestra cómo una teología de la unión con Cristo puede cambiar la forma en que los creyentes abordan la adoración, la justicia, la misión y la vida cristiana. Él ilumina cómo la unión con Cristo puede cambiar la conversación teológica sobre temas espinosos como la depravación total y el misterio de Dios. Billings también ofrece una crítica y una alternativa al paradigma ampliamente aceptado del ministerio encarnacional y explora un enfoque centrado en el evangelio de la justicia social. En todo momento, ofrece una exploración única y viva de lo que es tan sorprendente acerca de estar unido al Cristo vivo. - Editor. |
| 563 ## - NOTA DE ENCUADERNACIÓN |
| Nota de encuadernación |
Rústico |
| 650 #7 - ASIENTO SECUNDARIO DE MATERIA - TERMINO TEMÁTICO |
| Término temático o nombre geográfico como elemento de entrada |
Cristología |
| 9 (RLIN) |
239 |
| 650 #7 - ASIENTO SECUNDARIO DE MATERIA - TERMINO TEMÁTICO |
| Término temático o nombre geográfico como elemento de entrada |
Iglesias protestantes |
| 9 (RLIN) |
395 |
| Subdivisión general |
Teología |
| 942 ## - TIPO DE MATERIAL (KOHA) |
| Tipo de Item KOHA |
Libros General |
| 945 ## - INFORMACIÓN LOCAL DEL REGISTRO |
| Catalogador |
JTF-925 |